000 00792cam a2200253 a 4500
001 2369363
005 20211228105345.0
008 841015s1985 paua b 000 0 eng
010 _a 84022001
020 _a0664254969.
040 _aDLC
_cDLC
_dDLC
100 1 _aRogers, Jack Bartlett.
245 1 0 _aPresbyterian creeds :
_ba guide to the Book of Confessions /
_cJack Rogers ; with a foreword by Charles A. Hammond.
250 _a1st ed.
260 _aPhiladelphia :
_bWestminster Press,
_cc1985.
300 _a252 p. :
_bill. ;
_c21 cm.
336 _atext
337 _aunmediated
338 _avolume
504 _aBibliography: p. 245-252.
650 0 _aPresbyterian Church
_xCreeds
_xHistory and criticism.
650 0 _aCreeds
_xHistory and criticism.
942 _2lcc
_cBK
_01
999 _c41076
_d41076